| 000 | 00945nam a22002537a 4500 | ||
|---|---|---|---|
| 003 | BD-DhSAU | ||
| 005 | 20220215110304.0 | ||
| 008 | 210929b |||||||| |||| 00| 0 eng d | ||
| 040 | _aBD-DhSAU | ||
| 082 |
_222 _b571.92 _aSi29 |
||
| 100 |
_aSIKDER, TAHMINA _eRegistration No.:# 12-05033 |
||
| 245 |
_aIsolation and identification of bacterial pathogens
from bovine raw milk samples in and around the
dhaka city
/
_bMs Thesis |
||
| 260 |
_aSher-e-Bangla Agricultural University ; _bDepartment of PATHOLOGY; _c2020; |
||
| 300 |
_av; _b64p.; _c30cm.; |
||
| 500 | _aIncluding Index.; | ||
| 590 | _aNazmul | ||
| 600 | _qbacterial pathogens | ||
| 610 | _abovine raw milk | ||
| 650 | _aaround the dhaka city | ||
| 700 |
_aAsst. Prof. Dr. Amina Khatun _eSupervisor |
||
| 710 |
_aDr. Jahangir Alam _eCo-Supervisor |
||
| 856 |
_yOnline Access _uhttp://archive.saulibrary.edu.bd:8080/xmlui/handle/123456789/3613 |
||
| 942 |
_2ddc _cTHESIS |
||
| 999 |
_c15659 _d15658 |
||